Govt. of
Madhya Pradesh

The prose works of Jonahtan Swift (Record no. 36959)

MARC details
000 -LEADER
fixed length control field 003060000a22001330004500
003 - CONTROL NUMBER IDENTIFIER
control field MACL
040 ## - CATALOGING SOURCE
Original cataloging agency MACL
090 ## - LOCALLY ASSIGNED LC-TYPE CALL NUMBER (OCLC); LOCAL CALL NUMBER (RLIN)
-- 37362
-- 37360
100 ## - MAIN ENTRY--PERSONAL NAME
Personal name Scott, Temple
245 ## - TITLE STATEMENT
Title The prose works of Jonahtan Swift
Remainder of title vol 1
260 ## - PUBLICATION, DISTRIBUTION, ETC. (IMPRINT)
Name of publisher, distributor, etc. G Bell & Sons Ltd
Date of publication, distribution, etc. 1911
650 ## - SUBJECT ADDED ENTRY--TOPICAL TERM
Topical term or geographic name as entry element Literature
942 ## - ADDED ENTRY ELEMENTS (KOHA)
Koha item type Library Membar
Call number prefix 800/SCO
Holdings
Withdrawn status Lost status Source of classification or shelving scheme Damaged status Not for loan Home library Current library Date acquired Total Checkouts Full call number Barcode Date last seen Uniform Resource Identifier Price effective from Koha item type
          MACL MACL 15/04/2015   800/SCO BOOK CLE002673 29/04/2015 37171 15/04/2015 Books